01152nam a2200265 a 450000100060000000300080000600500170001400800410003103500190007204000320009104100080012308200280013110000320015924501330019126000790032430000210040350000680042450400300049261000370052265000780055965000710063794200120070899900170072095201490073715242BD-RjUL20211208235758.0140209s1983 bg b 000 0 eng d a(BD-RjUL)15296 aDLCcDLCdDLCdBD-RjULbeng aeng00a385.06541219bSIP 19831 aSiddiqi, Hafiz G. A.91313214aThe performance of the nationalised industries :bcase of the U.K. Airlines and Biman-Bangladesh Airlines /cHafiz G.A. Siddiqi. aDhaka :bInstitute of Business Administration, University of Dhaka,c1983. a139 p. ;c25 cm. aBased on the author's thesis (Ph. D.--University of Manchester) aBibliography: p. 130-139.20aBiman-Bangladesh Airlines947389 0aAirlinesxGovernment ownershipxMathematical modelsxCase studies.947386 0aAirlineszGreat BritainxMathematical modelsxCase studies.947387 2ddccBK c15242d15242 00102ddc40718NFICaRUCLbRUCLcReadingd1984-04-10eDhaka Universityg60.00l0o385.06541 SIP 1983r2014-02-09 00:00:00tC-1w2021-12-08yBK